| 000 | 00605nam a2200193Ia 4500 | ||
|---|---|---|---|
| 008 | 151121s9999||||xx |||||||||||||| ||und|| | ||
| 082 | _a813-/औरंगा | ||
| 082 | _bHNW-60082 | ||
| 100 | _aऔरंगाबादकर अनुराधा | ||
| 245 | _aबहर | ||
| 260 | _b"गवळी प्रकाशन, कोल्हापूर।" | ||
| 260 | _c-- | ||
| 300 | _a115 | ||
| 600 | _aऔरंगाबादकर अनुराधा | ||
| 630 | _aबहर | ||
| 700 | _aऔरंगाबादकर अनुराधा | ||
| 730 | _aबहर | ||
| 942 | _cBOOK | ||
| 999 |
_c1241632 _d1241629 |
||